000 00275nam a2200109Ia 4500
008 200302s9999 xx 000 0 und d
100 _aDavid Dunster
245 _aAlvar Aalto Architectural Monographs 4
260 _bUnited States of America
260 _c1978
300 _a126 P.,
999 _c767
_d767